<?xml version="1.0" encoding="UTF-8"?><?xml-stylesheet type="text/xsl" href="static/style.xsl"?><OAI-PMH xmlns="http://www.openarchives.org/OAI/2.0/" xmlns:xsi="http://www.w3.org/2001/XMLSchema-instance" xsi:schemaLocation="http://www.openarchives.org/OAI/2.0/ http://www.openarchives.org/OAI/2.0/OAI-PMH.xsd"><responseDate>2026-04-17T01:58:08Z</responseDate><request verb="GetRecord" identifier="oai:www.recercat.cat:10459.1/83513" metadataPrefix="marc">https://recercat.cat/oai/request</request><GetRecord><record><header><identifier>oai:recercat.cat:10459.1/83513</identifier><datestamp>2024-12-05T22:02:10Z</datestamp><setSpec>com_2072_3622</setSpec><setSpec>col_2072_479130</setSpec></header><metadata><record xmlns="http://www.loc.gov/MARC21/slim" xmlns:dcterms="http://purl.org/dc/terms/" xmlns:xsi="http://www.w3.org/2001/XMLSchema-instance" xmlns:doc="http://www.lyncode.com/xoai" xsi:schemaLocation="http://www.loc.gov/MARC21/slim http://www.loc.gov/standards/marcxml/schema/MARC21slim.xsd">
   <leader>00925njm 22002777a 4500</leader>
   <datafield ind2=" " ind1=" " tag="042">
      <subfield code="a">dc</subfield>
   </datafield>
   <datafield ind2=" " ind1=" " tag="720">
      <subfield code="a">Colomar, Joshua</subfield>
      <subfield code="e">author</subfield>
   </datafield>
   <datafield ind2=" " ind1=" " tag="720">
      <subfield code="a">Corbi Soler, Francesc</subfield>
      <subfield code="e">author</subfield>
   </datafield>
   <datafield ind2=" " ind1=" " tag="720">
      <subfield code="a">Baiget, Ernest</subfield>
      <subfield code="e">author</subfield>
   </datafield>
   <datafield ind2=" " ind1=" " tag="260">
      <subfield code="c">2022-06-16T08:43:36Z</subfield>
   </datafield>
   <datafield ind2=" " ind1=" " tag="260">
      <subfield code="c">2022-06-16T08:43:36Z</subfield>
   </datafield>
   <datafield ind2=" " ind1=" " tag="260">
      <subfield code="c">2022</subfield>
   </datafield>
   <datafield ind2=" " ind1=" " tag="520">
      <subfield code="a">This study examined the alterations induced by a simulated tennis&#xd;
competition on maximal isometric voluntary contraction (MVC),&#xd;
peak rate of force development (PRFD) and rate of force development (RFD) at different stages of contraction. Twenty junior&#xd;
tennis players performed an 80-minute simulated tennis match&#xd;
and two (pre and post) muscular performance tests. Variables&#xd;
tested included MVC, PRFD and RFD at 50, 100, 150 and 200&#xd;
ms while performing a 90º shoulder internal rotation (IR90), 90º&#xd;
shoulder external rotation (ER90), shoulder horizontal adduction&#xd;
(ADD), shoulder horizontal abduction (ABD) and isometric midthigh pull (IMTP). Serve velocity (SV) was also registered.&#xd;
No significant changes were found regarding MVC, PRFD or SV.&#xd;
Non-significant moderate effect size (ES) towards a decrease in&#xd;
the IR90 RFD at 50 ms could be observed (16%; ES = 0.5) alongside an increase in the ADD and IMTP RFD at 150 ms (-15.8%, -&#xd;
8.2%; ES = -0.53, -0.54) and IMTP RFD at 200 ms (-13%; ES =&#xd;
-0.54). Results indicate that MVC, PRFD, RFD at different time&#xd;
intervals and SV are unaltered following an 80-minute simulated&#xd;
match, possibly due to insufficient alterations triggered on key&#xd;
factors affecting the tested variables.</subfield>
   </datafield>
   <datafield ind1="8" ind2=" " tag="024">
      <subfield code="a">http://hdl.handle.net/10459.1/83513</subfield>
   </datafield>
   <datafield tag="653" ind2=" " ind1=" ">
      <subfield code="a">Power</subfield>
   </datafield>
   <datafield tag="653" ind2=" " ind1=" ">
      <subfield code="a">Serve</subfield>
   </datafield>
   <datafield tag="653" ind2=" " ind1=" ">
      <subfield code="a">Fatigue</subfield>
   </datafield>
   <datafield tag="653" ind2=" " ind1=" ">
      <subfield code="a">Effects</subfield>
   </datafield>
   <datafield tag="653" ind2=" " ind1=" ">
      <subfield code="a">Strength</subfield>
   </datafield>
   <datafield ind2="0" ind1="0" tag="245">
      <subfield code="a">Force-Time Curve Variable Outcomes Following a Simulated Tennis Match in Junior Players</subfield>
   </datafield>
</record></metadata></record></GetRecord></OAI-PMH>